Zygmunt Frankel (1929-1997) ...

Podrobná bibliografia
Hlavný autor: Breuer, Vlado, 1955- (Autor)
Médium: Článok
Jazyk:slovenčina
ISSN:0231-6269
Predmet:

MARC

LEADER 00000nab a2200000 a 4500
001 vtls009359772
003 SK-MaSNL
005 20260304152401.0
008 250506c2008 xo |r|p|||||||000 b|slo
015 |a SNBRB2008/11  |2 snkbucl 
035 |a (uuid)2b767265-edb3-401b-b1d3-2bdce9aad1d2 
035 |a urn:nbn:sk:snk-abc4ai 
035 |a (urnnbn)urn:nbn:sk:snk:ar-004fef 
038 |a SNKBUCL 
040 |a SNKBUCL  |b slo  |c SNKBUCL  |e AACR2 
041 0 |a slo 
044 |a xo  |c SK 
080 |a 82:929:821.411.16  |2 2001 
080 |a 821.411.16:929  |2 2001 
080 |a 929 Frankel, Zygmunt  |2 2001 
100 1 |a Breuer, Vlado,  |d 1955-  |4 aut  |9 1471909 
245 1 0 |a Zygmunt Frankel (1929-1997) ...  |c Vlado Breuer 
600 1 7 |a Frankel, Zygmunt,  |d 1929-1997  |2 snkbucl  |9 1472937 
655 7 |a profily  |2 snkbucl  |9 341977 
773 0 |t Revue svetovej literatúry  |g Roč. XLIV, č. 3 (2008), s. 42  |x 0231-6269 
850 |a Slovenská národná knižnica 
852 |a Slovenská národná knižnica 
958 |a article15 
958 |a OND 
958 |a LX 
958 |a IL 
958 |a BC 
958 |a EUIPO 
999 |c 2948713  |d 2950643